000 01483ncm0a2200385 4500
001 RU\NLR\ONIZ\198545
005 20250624194833.0
010 _a978-5-8114-0875-7
010 _a978-5-91938-062-7
013 _a979-0-66005-006-4
021 _aRU
_b12-255н
_912-19н
035 _aRU\NLR\ONIZ\GALA\5000012767\20140728170610
035 _a(NLR Aleph) 010889142
090 _a10542520
_c10542520
100 _a20140728d2012 |||y0rusy50 ca
101 0 _arus
102 _aRU
200 1 _aПолная школа пения
_bНоты
_eучеб. пособие
_dA full school of singing
_fА. Е. Варламов
_zeng
205 _a4-е изд., стер.
210 _aСанкт-Петербург
_cЛань
_cПланета музыки
_d2012
215 _a120 с.
_d27 см
606 1 _aШкола пения
_yАмерика
_z20-21 вв.
_jНоты
_2nlr_sh
606 1 _aУчебные пособия по вокалу
_jНоты
_2nlr_sh
686 _aЩ943.91(28)
_vLBC/SL
_2rubbk
700 1 _9z01790
_aВарламов
_bА. Е.
_f1801-1848
_gАлександр Егорович
_4230
_7ca
790 1 _9z01700
_aVarlamov
_bA. E.
_f1801-1848
_gAlexandr Egorovič
_4230
_7ba
801 0 _aRU
_bNLR
_c20140728
_gPSBO
801 1 _aRU
_bNLR
_c20140728
_2rusmarc
801 2 _aRU
_bNLR
_c20190630
852 _aNLR
_bМ
_j3/10745
_pМОЭ 2012-19н/255н
_t1
852 _aNLR
_bМ
_j3/10745а
_pМОЭ 2012-19н/255на
_t2
942 _cSCORE
980 _aNB
980 _aONIZ